Manual técnico de construcción y requisitos mínimos para parques, plazas, áreas verdes y áreas deportivas

Uloženo v:
Podrobná bibliografie
Korporativní autor: Ministerio de Vivienda y Urbanismo (Autor)
Médium: Kniha
Jazyk:španělština
Vydáno: Santiago Ministerio de Vivienda y Urbanismo 2018
Vydání:1a. ed
Edice:Serie Espacios Públicos Urbanos
Témata:
Tagy: Přidat tag
Žádné tagy, Buďte první, kdo vytvoří štítek k tomuto záznamu!

MARC

LEADER 00000cam a2200000 a 4500
001 UCC2923
003 CL-VaPUC
008 180323e20181000cl |||||||||||||||||spa|d
020 |a 9789569432675 
082 0 4 |a 711.58  |b MIN  |2 21 
110 2 |a Ministerio de Vivienda y Urbanismo  |e author  |9 596904 
245 1 0 |a Manual técnico de construcción y requisitos mínimos para parques, plazas, áreas verdes y áreas deportivas 
250 |a 1a. ed 
300 |a 269 p 
942 |c BK 
945 |d 20180323 15:33:00  |a arojas 
260 |a Santiago  |b Ministerio de Vivienda y Urbanismo  |c 2018 
650 0 |a Construcción  |9 260195 
650 7 |a PLAZAS  |2 CL-VaPUC  |9 333493 
650 0 |a Áreas verdes  |9 344662 
650 0 |a Espacios urbanos  |9 262902 
650 0 |a Diseño urbano  |9 337440 
650 0 |a Espacios públicos  |9 468964 
583 |a last modification  |c 20190717 10:20:27  |k Rodrigo Vera 
490 0 |a Serie Espacios Públicos Urbanos 
999 |c 370812  |d 370810 
952 |0 0  |1 0  |3 erb  |4 0  |6 711_580000000000000_MIN_2018  |7 0  |8 A  |9 487476  |a BIBARQ  |b BIBARQ  |i 5460166  |o 711.58 MIN 2018  |p 5460166  |r 2025-01-20  |w 2019-11-24  |y BK  |z Catalogado en:20180323  |k ARQ 
952 |0 0  |1 0  |3 erb  |4 0  |6 711_580000000000000_MIN_2018  |7 0  |8 A  |9 487477  |a BIBARQ  |b BIBARQ  |i 5460174  |l 2  |m 1  |o 711.58 MIN 2018  |p 5460174  |r 2025-01-20  |s 2024-11-11  |w 2019-11-24  |y BK  |z Catalogado en:20180323  |k ARQ 
952 |0 0  |1 0  |3 erb  |4 0  |6 711_580000000000000_MIN_2018  |7 0  |8 A  |9 487478  |a BIBARQ  |b BIBARQ  |i 5460182  |l 1  |o 711.58 MIN 2018  |p 5460182  |r 2025-01-20  |s 2024-04-19  |w 2019-11-24  |y BK  |z Catalogado en:20180323  |k ARQ 
952 |0 0  |1 0  |3 erb  |4 0  |6 711_580000000000000_MIN_2018  |7 0  |8 A  |9 487479  |a BIBARQ  |b BIBARQ  |i 5460190  |l 1  |o 711.58 MIN 2018  |p 5460190  |r 2025-01-20  |s 2024-04-19  |w 2019-11-24  |y BK  |z Catalogado en:20180323  |k ARQ